[Event "CAN-ch U12 Girls"]
[Site "Kitchener"]
[Date "2006.07.12"]
[Round "5"]
[White "Zhang, Yolanda"]
[Black "Botez, Alexandra"]
[Result "0-1"]
[WhiteElo "1216"]
[BlackElo "1436"]
[PlyCount "74"]
[EventDate "2006.07.10"]
[EventType "tourn"]
[EventRounds "6"]
[EventCountry "CAN"]
[SourceTitle "CBM 113 Extra"]
[Source "ChessBase"]
[SourceDate "2006.09.14"]
[SourceVersion "1"]
[SourceVersionDate "2006.09.14"]
[SourceQuality "1"]

1. e4 e6 2. d4 d5 3. Nc3 Nf6 4. e5 Nfd7 5. f4 c5 6. Nf3 cxd4 7. Nxd4 Nc6 8. Nb3 Nc5 9. Nxc5 Bxc5 10. Na4 Bb4+ 11. c3 Be7 12. Be3 Bh4+ 13. g3 Be7 14. b3 Bd7 15. Qd2 b6 16. Be2 Na5 17. Nb2 Nb7 18. a4 Nc5 19. Qc2 Rc8 20. Bf3 Ne4 21. Bxe4 dxe4 22. Ke2 Qc7 23. Rac1 0-0 24. Rhd1 Bc6 25. Nc4 Rfd8 26. Rxd8+ Rxd8 27. Rd1 Rxd1 28. Qxd1 Bd5 29. Nd6 Bxd6 30. exd6 Qxc3 31. f5 Qc6 32. fxe6 Bxe6 33. Bf4 Bg4+ 34. Ke1 Bxd1 35. Kxd1 g5 36. Bxg5 Qxd6+ 37. Ke2 Qd3+ 0-1

[Event "CAN-ch U12 Girls"]
[Site "Kitchener"]
[Date "2006.07.12"]
[Round "6"]
[White "Zhang, Yolanda"]
[Black "Botez, Alexandra"]
[Result "1/2-1/2"]
[WhiteElo "1216"]
[BlackElo "1436"]
[PlyCount "144"]
[EventDate "2006.07.10"]
[EventType "tourn"]
[EventRounds "6"]
[EventCountry "CAN"]
[SourceTitle "CBM 113 Extra"]
[Source "ChessBase"]
[SourceDate "2006.09.14"]
[SourceVersion "1"]
[SourceVersionDate "2006.09.14"]
[SourceQuality "1"]

1. e4 e6 2. d4 d5 3. Nc3 Nf6 4. Bg5 dxe4 5. Nxe4 Be7 6. Nxf6+ Bxf6 7. Bxf6 Qxf6 8. Nf3 0-0 9. Qd2 b6 10. 0-0-0 Bb7 11. Be2 Nc6 12. Rhe1 Rfd8 13. c3 Ne7 14. Qe3 Nd5 15. Qe5 Qf4+ 16. Qxf4 Nxf4 17. Bf1 Bxf3 18. gxf3 Rd6 19. Re4 Ng6 20. Bc4 Rad8 21. b4 c5 22. bxc5 bxc5 23. Bb3 cxd4 24. Rexd4 Rxd4 25. Rxd4 Rxd4 26. cxd4 Nh4 27. Bd1 Nf5 28. Kd2 Nxd4 29. Kd3 Nf5 30. Kc4 Kf8 31. Kc5 Ne7 32. Kb5 Ke8 33. Ka6 Nc8 34. Kb7 Kd8 35. Bc2 g6 36. f4 h5 37. f3 h4 38. h3 Kd7 39. Ba4+ Kd8 40. Bc6 a5 41. Ka6 Kc7 42. Bb5 Nd6 43. Kxa5 Nf5 44. Bd3 Nd4 45. a4 Kb7 46. Kb4 Ka7 47. Bb5 Nxf3 48. Be8 Ng1 49. Bxf7 Nxh3 50. Bxe6 Nxf4 51. Kc5 h3 52. Bxh3 Nxh3 53. Kd4 g5 54. Ke3 g4 55. Ke2 Ka6 56. Kf1 Nf4 57. Kf2 Ng6 58. Kg3 Ne5 59. Kf4 Ka5 60. Kg3 Kxa4 61. Kg2 Kb4 62. Kg3 Kc4 63. Kg2 Kd3 64. Kg3 Ke3 65. Kg2 Kf4 66. Kg1 g3 67. Kg2 Kg4 68. Kg1 Nf7 69. Kg2 Ng5 70. Kg1 Kh3 71. Kh1 g2+ 72. Kg1 Nf3+ 1/2-1/2

[Event "CAN-ch U12 Girls"]
[Site "Kitchener"]
[Date "2006.07.11"]
[Round "4"]
[White "Roy, Myriam"]
[Black "Zhang, Yolanda"]
[Result "1/2-1/2"]
[WhiteElo "1731"]
[BlackElo "1216"]
[PlyCount "43"]
[EventDate "2006.07.10"]
[EventType "tourn"]
[EventRounds "6"]
[EventCountry "CAN"]
[SourceTitle "CBM 113 Extra"]
[Source "ChessBase"]
[SourceDate "2006.09.14"]
[SourceVersion "1"]
[SourceVersionDate "2006.09.14"]
[SourceQuality "1"]

1. e4 c5 2. Nf3 d6 3. d4 cxd4 4. Nxd4 Nf6 5. Nc3 a6 6. Be2 e5 7. Nb3 Be7 8. Bg5 h6 9. Bxf6 Bxf6 10. Nd5 Nc6 11. c3 b5 12. 0-0 0-0 13. a4 Bb7 14. axb5 axb5 15. Rxa8 Bxa8 16. Bxb5 Bg5 17. Qd3 Ne7 18. c4 Nxd5 19. cxd5 Bb7 20. g3 Bc8 21. Nd2 f5 22. f3 1/2-1/2

[Event "CAN-ch U12 Girls"]
[Site "Kitchener"]
[Date "2006.07.11"]
[Round "3"]
[White "Zhang, Yolanda"]
[Black "Orlova, Yelizaveta"]
[Result "1/2-1/2"]
[WhiteElo "1216"]
[BlackElo "1651"]
[PlyCount "70"]
[EventDate "2006.07.10"]
[EventType "tourn"]
[EventRounds "6"]
[EventCountry "CAN"]
[SourceTitle "CBM 113 Extra"]
[Source "ChessBase"]
[SourceDate "2006.09.14"]
[SourceVersion "1"]
[SourceVersionDate "2006.09.14"]
[SourceQuality "1"]

1. e4 c5 2. Nf3 Nc6 3. d4 cxd4 4. Nxd4 Qb6 5. Nb3 g6 6. Be3 Qb4+ 7. N1d2 Bg7 8. c3 Qd6 9. Qc2 Qc7 10. Be2 d6 11. 0-0 Nf6 12. Rad1 a6 13. h3 b5 14. a3 Bb7 15. c4 Ne5 16. c5 Rc8 17. Rc1 0-0 18. f4 Ned7 19. Bf3 Nxc5 20. Nxc5 dxc5 21. Qxc5 Qd7 22. Qb4 Qd3 23. Bb6 Rfe8 24. Rfd1 Rxc1 25. Rxc1 Nd7 26. Ba5 Qd4+ 27. Qxd4 Bxd4+ 28. Kf1 Bxb2 29. Rc7 Bc8 30. e5 Nb8 31. Ra7 Bxa3 32. Ra8 Bd7 33. Bc7 Nc6 34. Rxa6 Bb4 35. Nb3 Nd8 1/2-1/2